书目信息 |
| 题名: |
关爱我们的生命
|
|
| 作者: | ;中央电视台CCTV10 , 《走近科学》丛书编委会 编 | |
| 分册: | ||
| 出版信息: | 北京 科学普及出版社 2005 |
|
| 页数: | 136页 | |
| 开本: | 23cm | |
| 丛书名: | 走近科学 | |
| 单 册: | ||
| 中图分类: | Q1-0 | |
| 科图分类: | ||
| 主题词: | 生命科学--普及读物 | |
| 电子资源: | ||
| ISBN: | 7-110-06147-7 | |
| 000 | 01290nam0 2200337 450 | |
| 000 | 01253nam0 2200325 450 | |
| 000 | 01222nam0 2200325 450 | |
| 000 | 01168nam0 2200301 450 | |
| 000 | 01197nam0 2200289 450 | |
| 000 | 01160nam0 2200277 45 | |
| 001 | TSC-049815 | |
| 005 | 20070102103121.85 | |
| 010 | @a7-110-06147-7@dCNY29.90 | |
| 100 | @a20060829d2005 ekmy0chiy0120 ea | |
| 101 | 0 | @achi |
| 102 | @aCN@b110000 | |
| 105 | @aa z 000yy | |
| 200 | 1 | @a关爱我们的生命@AGuan Ai Wo Men De Sheng Ming@f中央电视台CCTV10, 《走近科学》丛书编委会编@FZhong Yang Dian Shi Tai CCTV10, 《 Zou Jin Ke Xue》 Cong Shu Bian Wei Hui Bian |
| 210 | @a北京@c科学普及出版社@d2005 | |
| 215 | @a136页@d23cm | |
| 225 | 2 | @a走近科学 |
| 330 | @a本书记录了医学研究领域中与生命和健康相关的最新研究成果,这些成果与我们每个人的生活都紧密相关,凝结着无数科技工作者的心血。 | |
| 410 | 0 | @12001 @a走近科学 |
| 606 | 0 | @a生命科学@x普及读物 |
| 690 | @aQ1-0@v4 | |
| 711 | 02 | @a中央电视台CCTV10@AZhong Yang Dian Shi Tai CCTV10@4编 |
| 711 | 02 | @a《走近科学》丛书编委会@A《 Zou Jin Ke Xue》 Cong Shu Bian Wei Hui@4编 |
| 801 | 0 | @aCN@b中图数据@c20070102 |
| 905 | @a10447@dQ1-0@e107 | |
| 关爱我们的生命/中央电视台CCTV10, 《走近科学》丛书编委会编.-北京:科学普及出版社,2005 |
| 136页;23cm.-(走近科学) |
| ISBN 7-110-06147-7:CNY29.90 |
| 本书记录了医学研究领域中与生命和健康相关的最新研究成果,这些成果与我们每个人的生活都紧密相关,凝结着无数科技工作者的心血。 |
| ● |
| 相关链接 |
|
|
|
|
正题名:关爱我们的生命
索取号:Q1-0/107
 
预约/预借
| 序号 | 登录号 | 条形码 | 馆藏地/架位号 | 状态 | 备注 |
| 1 | 0603477 | 206034771 | 第二样本阅览室/ [索取号:Q1-0/107] | 在馆 | |
| 2 | 0603478 | 206034780 | 第三借阅区/ [索取号:Q1-0/107] | 在馆 | |
| 3 | 0603479 | 206034799 | 第三借阅区/ [索取号:Q1-0/107] | 在馆 | |
| 4 | 0603480 | 206034806 | 第三借阅区/ [索取号:Q1-0/107] | 在馆 | |
| 5 | 0603481 | 206034815 | 第三借阅区/ [索取号:Q1-0/107] | 在馆 | |
| 6 | 0603482 | 206034824 | 第三借阅区/ [索取号:Q1-0/107] | 在馆 |